00591nam a22001577a 450000500170000001000150001702000260003203500140005803700090007208200110008124500470009226000460013927000660018530000220025150001600027320250926112453.0 aENG-146862 a9789364689472c449.00 aEN-130394 bDBAD 21a000 aCUET (UG) 2025 General Aptitude Test (GAT) aUttar PradeshbS. Chand Publishing c2025 aD-92, Sector-2, Noida bUttar Pradeshe201301k61-120-4682700 a375p. c27cm(pb)  aGK & Current Affairs | General Mental & Numerical Ability | 1000+ Practice Questions | CUET 2024 Papers | Mock Tests | Delhi University, JNU, BHU, Other Un